| 000 | 00434nam a2200181Ia 4500 | ||
|---|---|---|---|
| 005 | 20240627145553.0 | ||
| 008 | 240126s9999 xx 000 0 und d | ||
| 020 | _a9781259028991 | ||
| 082 | _a526.9 DUG;1 | ||
| 100 | _aDuggal, S K. | ||
| 245 | 0 | _aSurveying Vol-I | |
| 250 | _a4th ed. | ||
| 260 |
_bMcgraw Hill Education _aNew Delhi _c2013 |
||
| 300 | _axx, 625 | ||
| 440 | _aNULL | ||
| 650 | _aSurveying,Vol-I | ||
| 942 | _cPU | ||
| 999 |
_c280278 _d280278 |
||